Uma Thurman - Fall Out Boy (All Lyrics) - Statistics

General Stats
  • This quiz has been taken 116 times
  • The average score is 277 of 316
Answer Stats
Answer % Correct
a
100%
an
100%
can
100%
I
100%
like
100%
you
99%
to
97%
dance
96%
me
96%
mountains
96%
move
96%
She
96%
And
95%
and
95%
confess
95%
do
95%
Thurman
95%
Uma
95%
miracle
94%
work
94%
can't
92%
death
92%
of
92%
til
92%
wants
92%
but
91%
But
91%
get
91%
my
91%
not
91%
us
91%
head
90%
in
90%
In
90%
out
90%
part
90%
The
90%
the
90%
keep
89%
nothing
89%
oath
89%
oh
89%
Bury
87%
your
85%
May
84%
may
84%
down
78%
Put
77%
put
77%
sex
77%
summer
76%
yes
76%
hell
75%
am
73%
be
73%
blood
73%
dreams
71%
here
71%
quite
71%
they
71%
venom
71%
what
71%
night's
68%
tomorrow's
68%
find
67%
slept
67%
stench
67%
lamb
66%
last
66%
smallest
66%
we
66%
worth
66%
clothes
65%
seem
65%
way
65%
Is
63%
alive
61%
City
61%
line
61%
two
61%
they're
58%
lions
57%
You'll
57%
Eternity
54%
Take
53%
tide
53%
turn
53%
I'll
52%
Divide
51%
CK
41%
Gem
35%
No matching quizzes found
Score Distribution
Percent of People with Each Score
Percentile by Number Answered
Your Score History
You have not taken this quiz